| 000 | 00802nam2a2200253 4500 | ||
|---|---|---|---|
| 001 | RU\NLR\BIBL_A\012688243 | ||
| 005 | 20250624115322.0 | ||
| 035 | _a(NLR Aleph) 012688243 | ||
| 090 |
_a13306758 _c13306758 |
||
| 100 | _a20220119d1980 |||y0rusy50 ca | ||
| 101 | 0 | _aaze | |
| 102 | _aAZ | ||
| 105 | _ac z 000 y | ||
| 181 | 0 |
_ai _baxxe |
|
| 182 | 0 | _an | |
| 200 | 0 | _aҹ.2 | |
| 203 |
_aТекст _bвизуальный _cнепосредственный |
||
| 210 |
_d1980 _aБ. м. |
||
| 215 | _a294 с. | ||
| 461 | 0 |
_1001RU\NLR\BIBL_A\012688223 _12001#$aСечилмиш әсәрләри$eбеш ҹилддә$fРәсул Рза$vҹ.2 _1700#1$aРзаjев$bР. И.$gРәсул Ибраһим оғлу$4070 |
|
| 852 |
_aNLR _bОНЛ _jАзерб./3-10875 |
||
| 942 | _cBOOK | ||
| 980 | _aNB | ||